Rebelión cubana / (Record no. 154836)

MARC details
000 -LEADER
campo de control de longitud fija 00833nam a22002055i 4500
001 - NÚMERO DE CONTROL
campo de control 154836
003 - IDENTIFICADOR DE NÚMERO DE CONTROL
campo de control ES-MaACL
005 - FECHA Y HORA DE LA ÚLTIMA TRANSACCIÓN
campo de control 20230906205855.0
008 - DATOS DE LONGITUD FIJA--INFORMACIÓN GENERAL
campo de control de longitud fija 980922s1871 sp |||| | spa d
080 ## - NÚMERO DE LA CLASIFICACIÓN DECIMAL UNIVERSAL
Número de la Clasificación Decimal Universal 94(729.1)"1868/78"
100 1# - ENTRADA PRINCIPAL--NOMBRE DE PERSONA
Nombre de persona Güell y Ferrer, Juan (
Fechas asociadas al nombre 1800-1872)
9 (RLIN) 127737
245 10 - MENCIÓN DEL TÍTULO
Título Rebelión cubana /
Mención de responsabilidad, etc. por Juan Güel y Ferrer.
260 ## - PUBLICACIÓN, DISTRIBUCIÓN, ETC.
Lugar de publicación, distribución, etc. Barcelona :
Nombre del editor, distribuidor, etc. [s.n.],
Fecha de publicación, distribución, etc. 1871 (
Fabricante Imp. de Narciso Ramírez y Compañía)
300 ## - DESCRIPCIÓN FÍSICA
Extensión 44 p. ;
Dimensiones 27 cm.
651 #4 - PUNTO DE ACCESO ADICIONAL DE MATERIA--NOMBRE GEOGRÁFICO
Nombre geográfico Cuba-
Subdivisión general Historia-
Subdivisión cronológica 1868-1878, Guerra de los Diez Años.
9 (RLIN) 8103
852 4# - LOCALIZACIÓN
Ubicación ES-MaACL
Número de control de estantería G-9953
Nota libre - Enc. piel
852 4# - LOCALIZACIÓN
Ubicación ES-MaACL
Número de control de estantería T-118-F-8
Nota libre - Enc. hol.
-- - Enc. en un vol. facticio
852 4# - LOCALIZACIÓN
Ubicación ES-MaACL
Número de control de estantería T-152-F-6
Nota libre - Enc. hol.
-- - Enc. en un vol. facticio
852 4# - LOCALIZACIÓN
Ubicación ES-MaACL
Número de control de estantería T-618-F-6
Nota libre - Enc. hol.
-- - Enc. en un vol. facticio
Holdings
Estatus retirado Estado de pérdida Estado de daño No para préstamo Colección Biblioteca de origen Biblioteca actual Ubicación en estantería Fecha de adquisición Total de préstamos Signatura topográfica completa Código de barras Visto por última vez Precio de reemplazo Tipo de ítem Koha Fuente de adquisición
        Colección de folletos Biblioteca del Ateneo de Madrid Biblioteca del Ateneo de Madrid Depósito folletos 17/01/2008   T-618-F-6 1161959 23/02/2023 23/02/2023 Folleto  
        Libros del s. XIX Biblioteca del Ateneo de Madrid Biblioteca del Ateneo de Madrid Sala Pecera Planta 3 17/01/2008   G-9953 1161956 23/02/2023 23/02/2023 Libro impreso antiguo  
        Colección de folletos Biblioteca del Ateneo de Madrid Biblioteca del Ateneo de Madrid Depósito folletos 17/01/2008   T-118-F-8 1161957 23/02/2023 23/02/2023 Folleto  
        Colección de folletos Biblioteca del Ateneo de Madrid Biblioteca del Ateneo de Madrid Depósito folletos 17/01/2008   T-152-F-6 1161958 23/02/2023 23/02/2023 Folleto